Impacto de participación de la Dirección Nacional de Control de Drogas (DNCD) en el combate contra el narcotráfico en el Distrito Nacional y la Provincia Santo Domingo, periodo 2017-2019 / (Registro nro. 7526)
[ vista simple ]
| 000 -CABECERA | |
|---|---|
| campo de control de longitud fija | 01821nam a22002417a 4500 |
| 003 - IDENTIFICADOR DEL NÚMERO DE CONTROL | |
| campo de control | DO-SdBJH |
| 005 - FECHA Y HORA DE LA ÚLTIMA TRANSACCIÓN | |
| campo de control | 20230707143941.0 |
| 008 - DATOS DE LONGITUD FIJA--INFORMACIÓN GENERAL | |
| campo de control de longitud fija | 230707b |||||||| |||| 00| 0 spa d |
| 040 ## - FUENTE DE LA CATALOGACIÓN | |
| Centro catalogador/agencia de origen | DO-SdBJH |
| Lengua de catalogación | spa |
| Centro/agencia transcriptor | DO-SdBJH |
| 090 ## - LOCALMENTE ASIGNADO TIPO-LC NÚMERO DE CLASIFICACIÓN (OCLC); NÚMERO DE CLASIFICACIÓN LOCAL (RLIN) | |
| Número de clasificación (OCLC) (R) ; Numero de clasificación, CALL (RLIN) (NR) | TG EGCEMC |
| Número cutter local (OCLC) ; Número de libro/Signatura topográfica íntegra, CALL (RLIN) | 01964 2021 |
| 100 1# - ENTRADA PRINCIPAL--NOMBRE DE PERSONA | |
| Nombre de persona | Doñé Guzmán, Félix Anthonely |
| Término indicativo de función/relación | sustentante |
| 245 11 - MENCIÓN DE TÍTULO | |
| Título | Impacto de participación de la Dirección Nacional de Control de Drogas (DNCD) en el combate contra el narcotráfico en el Distrito Nacional y la Provincia Santo Domingo, periodo 2017-2019 / |
| Mención de responsabilidad, etc. | Félix Anthonely Doñé Guzmán, Kelly Anderson Rosario Paulino, asesores Frank Félix Ferreras Ferreras, Fanny Torres Rosario |
| 260 ## - PUBLICACIÓN, DISTRIBUCIÓN, ETC. | |
| Lugar de publicación, distribución, etc. | Santo Domingo : |
| Nombre del editor, distribuidor, etc. | INSUDE, |
| Fecha de publicación, distribución, etc. | 2021 |
| 300 ## - DESCRIPCIÓN FÍSICA | |
| Extensión | xvi, 74 páginas, cuadros, gráficos |
| 502 ## - NOTA DE TESIS | |
| Nota de tesis | Tesis (Especialidad en Comando y Estado Mayor Conjunto). -- Instituto Superior para la Defensa (INSUDE). Escuela de Graduados en Comando y Estado Mayor “General de División Gregorio Luperón”, 2021. |
| 504 ## - NOTA DE BIBLIOGRAFÍA, ETC. | |
| Nota de bibliografía, etc. | Incluye referencias bibliográficas e índices |
| 505 ## - NOTA DE CONTENIDO CON FORMATO | |
| Nota de contenido con formato | Origen, evolución y situación actual del narcotráfico en República Dominicana. -- Marco legal que sustenta el rol de la Dirección Nacional de Control de Drogas (DNCD), en la lucha contra el narcotráfico. -- Impacto de las estrategias y las acciones desarrolladas por la Dirección Nacional de Control de Drogas (DNCD), para combatir el narcotráfico en el Distrito Nacional y la Provincia Santo Domingo, durante el periodo 2017-2019 |
| 700 1# - PUNTO DE ACCESO ADICIONAL--NOMBRE DE PERSONA | |
| Nombre de persona | Rosario Paulino, Kelly Anderson |
| Término indicativo de función/relación | sustentante |
| 700 1# - PUNTO DE ACCESO ADICIONAL--NOMBRE DE PERSONA | |
| Nombre de persona | Ferreras Ferreras, Frank Félix |
| Término indicativo de función/relación | asesor |
| 700 1# - PUNTO DE ACCESO ADICIONAL--NOMBRE DE PERSONA | |
| Nombre de persona | Torres Rosario, Fanny |
| Término indicativo de función/relación | asesor |
| 830 ## - PUNTO DE ACCESO ADICIONAL DE SERIE-TÍTULO UNIFORME | |
| Título uniforme | INSUDE. Escuela de Graduados en Comando y Estado Mayor “General de División Gregorio Luperón”. Tesis y disertaciones académicas |
| 942 ## - ELEMENTOS DE PUNTO DE ACCESO ADICIONAL (KOHA) | |
| Fuente del sistema de clasificación o colocación | Clasificación Local |
| Tipo de ítem Koha | Tesis |
| Estado de retiro | Estado de pérdida | Fuente del sistema de clasificación o colocación | Estado dañado | No para préstamo | Código de colección | Localización permanente | Ubicación/localización actual | Fecha de adquisición | Número de inventario | Total de préstamos | Signatura topográfica completa | Código de barras | Fecha visto por última vez | Número de copia | Precio válido a partir de | Tipo de ítem Koha |
|---|---|---|---|---|---|---|---|---|---|---|---|---|---|---|---|---|
| Clasificación Local | Préstamo Interno | Trabajos de Grado e Investigción | SIBM UNADE - Biblioteca Sede Central | SIBM UNADE - Biblioteca Sede Central | 07/07/2023 | 21-01964 | TG EGCEMC 01964 2021 | 21-01964 | 07/07/2023 | e.1 | 07/07/2023 | Tesis |
